Normal view
MARC view
- Design
Entry Topical Term
001 - CONTROL NUMBER
- control field: 120619
003 - CONTROL NUMBER IDENTIFIER
- control field: NUST
005 - DATE AND TIME OF LATEST TRANSACTION
- control field: 20240216102254.0
008 - FIXED-LENGTH DATA ELEMENTS
- fixed length control field: 240216|| aca||aabn | a|a d
040 ## - CATALOGING SOURCE
- Original cataloging agency: NUST
- Transcribing agency: NUST
150 ## - HEADING--TOPICAL TERM
- Topical term or geographic name entry element: Design
- General subdivision: Psychological aspects
670 ## - SOURCE DATA FOUND
- Source citation: Work cat.: (NUST): Weinschenk, Susan. 120618, 100 things every designer needs to know about people /, c2011.
